000 00592nam a2200157 a 4500
008 120416s1970 ||||||||||||||||| || u
050 _aQD 117.C5 Hel
100 _aHelfferich, Fredrich
245 1 0 _aMulticomponent chromatography: theory of interference
260 _aNew York
_bMarcel Dekker
_c1970
300 _aviii, 419p. : ill.
350 _a0.00
650 0 _aCHEMISTRY--HANDBOOKS, MANUALS, ETC
650 _aCHROMATOGRAPHY
995 _D0.00
_FCBU-MAIN LIBRARY (Kitwe)
_H1
_I7.65
_M1
_UAVAILABLE
_ZAnnex Low-Usage Collection
999 _c51759
_d51759